📸Rozpoznaj państwo po zdjęciu - Statystyki

Ogólne statystyki
  • Ten quiz został rozwiązany 173 razy
  • Średni wynik to 15 z 20
Statystyki odpowiedzi
Obrazkowy Odpowiedź % Poprawnych
Stany Zjednoczone
99%
Polska
96%
Egipt
94%
Francja
93%
Japonia
92%
Brazylia
91%
Portugalia
91%
Grecja
89%
Białoruś
83%
Australia
82%
Islandia
82%
ZEA
74%
Wielka Brytania
72%
Rosja
62%
Izrael
58%
Kuba
49%
Włochy
49%
Korea Północna
46%
Kolumbia
45%
Ukraina
45%
Nie znaleziono quizów pasujących do podanych kryteriów
Rozkład punktacji
Procent ludzi z każdym wynikiem
Percentyl według liczby udzielonych odpowiedzi
Twoja historia wyników
Nie rozwiązałeś tego quizu